000 00550nam a2200217Ia 4500
005 20260429112205.0
008 260429s9999||||xx |||||||||||||| ||und||
020 _a9788180940712
041 _aEnglish
082 _a658.872
_bMAN
100 _aMann, Puja Walia
245 0 _aE commerce /
_cPuja Walia Mann
250 _a1st ed.
260 _aChennai :
_bMJP Publishers ,
_c2023.
300 _a389 p.; pbk
650 _a Digital business
650 _a Online marketing
650 _aElectronic commerce
700 _a Nidhi
942 _cTB
999 _c52810
_d52810